000 01056nas a2200349 4500
001 BR0400404
003 BR-BrBNA
005 20231205104323.0
007 ta
008 230509b bl.|||p| |||| 00| 00por d
040 _aBR-BrBNA
_bpor
_cBiblioteca Nacional de Agricultura
041 _a(En)
072 _aL40
100 1 _aOliveira, C. de
100 1 _aSant'Anna, A.C.
100 1 _aOmena, P.M. de
100 1 _aSantos, L.R.de S.
100 1 _aZieri, R.
245 1 _aMorphological considerations on the seminiferous structures and testes of anuran amphibians: Bufo crucifer, Physalaemus cuvieri and Scinax fuscovarius
650 _aANFÍBIO
650 _aTESTÍCULO
650 _aESPERMATOGÊNESE
650 _aMORFOLOGIA ANIMAL
650 _aTAMANHO
650 _aCOR
650 _aMICROSCOPIA
650 _aHISTOLOGIA ANIMAL
650 _aREPRODUÇÃO ANIMAL
773 0 _tBiociências (Brazil)
_xISSN 0104-3455
_g(Jun 2003), v. 11(1) p. 39-46
_wBR0400404
909 _a202311
_bLúcia
_c55
_dLúcia Elande
942 _2AGRIS
_n0
_cANA
999 _c177543
_d177543